000 00782nam a22002177a 4500
005 20251108174823.0
008 250721s2009 xx 000 0 ara d
082 1 4 _aم/216/جلا
100 1 _aالجلال، الحسن بن أحمد
245 1 0 _aضوء النهار المشرق على صفحات الأزهار :
_bمنحة الغفار حاشية ضوء النهار /
264 1 _aصنعاء :
_bمكتبة الجيل الجديد،
_c2009.
300 _a7ج.
650 1 7 _aالاسلام
650 1 7 _aالفقه الاسلامي
650 1 7 _aالقرآن الكريم
650 1 7 _aالسنة النبوية
700 1 _aالامير، محمد بن اسماعيل
700 1 _aحلاق، محمد صبحي
_eحقق
942 _2ddc
_cREF
999 _c118906
_d118906